00475nam a22001457a 450000500170000000800410001702000280005804100130008608200130009910000270011224500760013926000570021530000310027265000260030320240119092703.0240119b |||||||| |||| 00| 0 eng d a0409003301 ; 0409003581 aEnglish  a349 JOU  aJoubert, WA lEnglish  aThe Law of South Africa : Land to Libraries and Archives / cWA Joubert aDurban : bButterworth and Company (Pty) Ltd, c1981 bvii, 527 pages ; c26 cm.  aLegal practice bLaw